Paideia : los ideales de la cultura griega /
Estudio sobre la civilización griega que tiene como finalidad exponer la formación del hombre griego, en su carácter peculiar y en su desarrollo histórico mediante el cual llegaron a la construcción de su ideal de humanidad. Para ello, el autor aborda la historia de la fundación, crecimiento y crisi...
-д хадгалсан:
| Үндсэн зохиолч: | |
|---|---|
| Бусад зохиолчид: | , |
| Формат: | Ном |
| Хэл сонгох: | испани |
| Хэвлэл: | 2a edición |
| Нөхцлүүд: | |
| Шошгууд: |
Шошго байхгүй, Энэхүү баримтыг шошголох эхний хүн болох!
|
MARC
| LEADER | 00000nam^a2200000^a^4500 | ||
|---|---|---|---|
| 001 | 000261976 | ||
| 005 | 20250521000000.0 | ||
| 009 | 20260310110527.819 | ||
| 037 | |a Acervo Xavier Clavigero | ||
| 041 | |a ESP | ||
| 082 | |a 949. 501 |b JAE | ||
| 100 | |a Jaeger, Werner |e (autor) | ||
| 240 | 1 | 1 | |a [Paideia: los ideales de la cultura griega] |
| 245 | 1 | 0 | |a Paideia : |b los ideales de la cultura griega / |c W. Jaeger ; tr. por J. Xirau, W. Roces. |
| 250 | |a 2a edición | ||
| 264 | |a México : |b Fondo de Cultura Económica, |c 1953-1942 | ||
| 300 | |a 3 v. (XII, 452, XV, 482, 403 p.) | ||
| 336 | |a texto |b txt |2 rdacontenido | ||
| 337 | |a sin mediación |b n |2 rdamedio | ||
| 338 | |a volumen |b nc |2 rdasoporte | ||
| 500 | |a Traducción de: Paideia, Die Formung des griechischen Menschen | ||
| 520 | |a Estudio sobre la civilización griega que tiene como finalidad exponer la formación del hombre griego, en su carácter peculiar y en su desarrollo histórico mediante el cual llegaron a la construcción de su ideal de humanidad. Para ello, el autor aborda la historia de la fundación, crecimiento y crisis de la cultura griega en el período primitivo y clásico. La presente edición se integra de tres volúmenes disponibles en biblioteca. | ||
| 649 | |a XX | ||
| 650 | |a Cultura - |z Grecia - |x Historia - |x Tema Principal | ||
| 650 | |a Educación - |z Grecia - |x Historia | ||
| 650 | |a Democracia - |z Grecia - |x Historia | ||
| 650 | |a Política - |z Grecia - |x Historia | ||
| 650 | |a Cosmovisión - |z Grecia | ||
| 650 | |a Civilización - |z Grecia | ||
| 650 | |a Diálogos Griegos - |x Historia y Crítica | ||
| 650 | |a Literatura Griega - |x Historia y Crítica | ||
| 650 | |a Literatura Clásica - |x Historia y Crítica | ||
| 650 | |a Filosofía Griega - |x Historia y Crítica | ||
| 650 | |a Filosofía Clásica - |x Historia y Crítica | ||
| 650 | |a Grecia - |x Historia Antigua - |x Tema Principal | ||
| 700 | |a Xirau, Ramón |e (traducción) | ||
| 700 | |a Roces, Wenceslao |e (traducción) | ||
| 910 | |a Fondo General | ||
| 920 | |a Impresos - Libros | ||
| 930 | |a Colección General | ||
| 905 | |a 101 | ||
| 901 | |a 019895 |b IT1 |c ACC |u 20250521 | ||
| 901 | |a 031472 |b IT1 |c ACC |u 20250521 | ||
| 901 | |a 016102 |b IT1 |c ACC |u 20250521 | ||
| 901 | |a 031473 |b IT1 |c ACC |u 20250521 | ||
| 901 | |a 019894 |b IT1 |c ACC |u 20250521 | ||
| 901 | |a 016103 |b IT1 |c ACC |u 20250521 | ||
| 901 | |a 019893 |b IT1 |c ACC |u 20250521 | ||
| 901 | |a 031474 |b IT1 |c ACC |u 20250521 | ||
| 901 | |a 016104 |b IT1 |c ACC |u 20250521 | ||
| 902 | |a https://opac.biblio.iteso.mx/vufind/Record/000261976 | ||